| 000 | 00374nam a22001577a 4500 | ||
|---|---|---|---|
| 003 | SGT | ||
| 020 | _a9788131244661 | ||
| 082 |
_a612 _bG17H |
||
| 100 | _aHALL, JOHN E. | ||
| 245 | _aGuyton & Hall Textbook of Medical Physiology | ||
| 250 | _a2nd South Asian | ||
| 260 |
_aNEW DELHI _bElsevier India _c2017 |
||
| 300 | _a927 | ||
| 650 | _a Physiology | ||
| 942 |
_2ddc _cBK _022 |
||
| 999 |
_c15580 _d15580 |
||